000
00300nam a2200109 4500
999
_c
9785
_d
9785
008
180717b ||||| |||| 00| 0 eng d
245
_a
Online English teaching: A noble profession.
260
_a
Davao City
_b
Sun Star Davao
_c
c2016
300
_a
page 13.
650
0
_9
28992
_a
Teaching.
942
_2
ddc
_c
PER